000 00649nam a2200205Ii 4500
003 JO-AjNU
008 230606s9999||||xx |||||||||||||| ||und||
020 _a1-85355-425-1
040 _aJO-AjNU
_beng
_erda
_cJO-AjNU
041 _aeng
050 1 4 _aHF5681 1994
100 3 _aEdited: Skerratt, L.C.L /D.J.Tonkin,
_eauthor
_93197
245 0 0 _aFinancial Reporting 1993-1994: A Survey of UK Reporting practice
264 3 1 _aEngland: Institute of Chartered Accountants,1994
300 _a270p
336 _atext
_btxt
_2rdacontent
337 _aunmediated
_bn
_2rdamedia
338 _avolume
_bnc
_2rdacarrier
650 4 _aFinancial Reporting
_93198
999 _aE1674
_c1674
_d1674